[Event "Champions Showdown Kings Blitz 2019-A"]
[Site "Saint Louis"]
[Date "2019.02.23"]
[Round "10"]
[White "Caruana, Fabiano"]
[Black "Harikrishna, Pentala"]
[Result "1-0"]
[WhiteElo "2828"]
[BlackElo "2726"]
[Annotator "TA"]
[PlyCount "71"]
[EventDate "2019.02.09"]
[EventType "match"]
[EventCountry "USA"]
[SourceTitle "playchess.com"]
[Source "ChessBase"]
[SourceQuality "1"]

{[%evp 14,71,17,0,4,2,14,-7,-7,-4,0,0,0,0,0,0,29,28,21,-37,-38,-54,-8,-3,0,0,18,0,12,28,13,0,0,-76,-70,-69,-72,-112,-84,-110,-69,-116,-115,-122,-103,-102,-84,-108,-117,-113,-110,-189,-162,-139,-164,-159,-166,-179,1179,1157]} 1. c4 e6 2. Nc3 d5 3. d4 Be7 4. cxd5 exd5 5. Bf4 c6 6. e3 Bf5 7. g4 Be6 8. h3 h5 {D31: Queen's Gambit Declined: Semi-Slav without ...Nf6 (+ Marshall Gambit and Noteboom) and Exchange Variation lines without ...Nf6} (8... Nd7 9. Bd3 h5 10. gxh5 Ngf6 11. h6 g6 12. Qd2 b5 13. Nf3 b4 14. Na4 Ne4 15. Bxe4 dxe4 16. Ne5 Nxe5 17. Bxe5 Rxh6 {½-½ (41) Bindrich,F (2600)-Michalik,P (2564) Austria 2018}) 9. gxh5 Nf6 10. h6 g6 {The position is equal.} 11. Nf3 $146 ({Predecessor:} 11. Bd3 Nh5 12. Be5 Rxh6 13. Qc2 Nd7 14. Bh2 Ng7 15. O-O-O Nb6 16. Nf3 {1-0 (49) Nenezic,M (2424)-Pavlovic,G (2389) Kraljevo 2014}) 11... Nh5 12. Bh2 Rxh6 13. Qd2 Nd7 14. e4 Rh8 15. exd5 cxd5 16. O-O-O (16. Nb5 $1 $11) 16... Rc8 $15 17. Kb1 Bb4 18. Rc1 $1 Qa5 19. Bd3 Bxc3 20. bxc3 Ng7 21. Ka1 Kf8 (21... Rxh3 $2 22. Bd6 $18) 22. Ng5 Bf5 23. Rhe1 {[#]} (23. Rb1 $1 $11 {keeps the balance.} Nb6 24. Bd6+ Kg8 25. Bc5) 23... Bxd3 $1 $17 24. Qxd3 {Hoping for Bd6+.} Nf5 25. Bf4 Rh4 26. Bd2 Kg8 27. Rg1 {[#]} Qa6 $1 {[%cal Ra6d3]} 28. Qf3 Nf6 29. Bf4 Kf8 30. Be5 Ne4 31. Nxe4 Rxe4 32. Rge1 (32. Qd1 $17 {keeps fighting.}) 32... f6 33. Bf4 Rce8 34. Rxe4 Rxe4 35. Be3 Qd3 $4 {[%mdl 8192] [#]} (35... Kg7 $19 36. c4 Nxe3 37. cxd5 Qd3 38. fxe3 Rxd4) 36. Bh6+ $1 {[%mdl 576] Discovered Attack. Accuracy: White = 54%, Black = 54%.} 1-0

[Event "Champions Showdown Kings Blitz 2019-A"]
[Site "Saint Louis"]
[Date "2019.02.22"]
[Round "11"]
[White "Harikrishna, Pentala"]
[Black "Caruana, Fabiano"]
[Result "0-1"]
[WhiteElo "2726"]
[BlackElo "2828"]
[Annotator "TA"]
[PlyCount "124"]
[EventDate "2019.02.09"]
[EventType "match"]
[EventCountry "USA"]
[SourceTitle "playchess.com"]
[Source "ChessBase"]
[SourceQuality "1"]

{[%evp 19,124,41,54,35,34,32,38,16,29,0,26,17,27,10,25,24,32,45,50,50,114,104,96,104,93,66,95,81,164,107,145,-7,0,-45,-50,-50,12,15,17,33,33,52,172,191,126,55,54,-320,-304,-472,-325,-343,-117,-242,-147,-141,-156,-297,-66,-407,-422,-406,-412,-360,-366,-607,-603,-597,-593,-503,-505,-1564,-411,-525,0,0,0,-407,-354,-495,0,-366,-366,-337,0,-244,29977,-4,0,-29982,-29983,-29983,-29984,-29984,-29985,-29989,-29989,-29990,-29980,-29980,-29981,-29980,-29980,-29986,-29987,-29988,-29989]} 1. e4 c5 2. Nf3 Nc6 3. d4 cxd4 4. Nxd4 Nf6 5. Nc3 d6 6. Bg5 e6 7. Qd2 a6 8. O-O-O Bd7 9. f3 h6 10. Be3 Be7 11. Kb1 {B66: Sicilian: Richter-Rauzer: 7...a6 8 0-0-0 h6} Qc7 12. h4 b5 (12... h5 13. Nxc6 bxc6 14. Bf4 e5 15. Bg5 Be6 16. Bxf6 gxf6 17. f4 Rb8 18. f5 Qb7 19. b3 {½-½ (49) Efimenko,Z (2689)-Korobov,A (2678) Kiev 2012}) 13. Nxc6 {White is slightly better.} Bxc6 14. Bd3 Nd7 15. Ne2 Ne5 16. Nd4 Bd7 17. g4 Rb8 $146 ({Predecessor:} 17... Rc8 18. Qg2 g6 19. f4 Nc4 20. Bxc4 Qxc4 {1-0 (43) Munoz Santana,J (2328)-Sanchez,V (2210) Havana 2008}) 18. g5 {[%cal Rg5h6]} h5 19. f4 $36 {[%mdl 2048] White has good play.} Ng4 (19... Nc4 $14 20. Qf2 Qb6) 20. f5 $16 e5 21. Ne2 Bc6 22. Nc3 Qb7 23. Rhe1 O-O (23... Bd8 $16 {was worth a try.}) 24. Bg1 (24. Be2 $18) 24... Bd8 25. Be2 $2 ({White should try} 25. Ne2 $1 $16) 25... Ba5 $1 $11 26. Bxg4 hxg4 27. f6 b4 (27... Rfc8 $15 28. Ka1 (28. Qxd6 Bxc3 29. bxc3 b4 $11) 28... Bxc3 29. bxc3 b4 30. Qxd6 bxc3) 28. Nd5 {Ne7+ is the strong threat.} b3 29. Ne7+ {[%mdl 64] Discovered Attack} (29. Qxa5 bxc2+ 30. Kxc2 Bxd5 $19) 29... Kh7 30. c3 $1 (30. Qxa5 $2 bxc2+ 31. Kxc2 Bxe4+ 32. Rxe4 (32. Kd2 Qxb2+ 33. Ke3 Rb3+ 34. axb3 Qxb3+ 35. Qc3 Qxc3+ 36. Ke2 Qf3+ {[%mdl 64] Double Attack} 37. Kd2 Qd3+ 38. Kc1 Qc3#) 32... Qxe4+ 33. Kc1 Rfc8+ $1 {[%mdl 512]} 34. Nxc8 Rxc8+ 35. Qc3 Rxc3+ 36. bxc3 gxf6 $19) 30... bxa2+ (30... Bxe4+ $14 31. Ka1 Rfe8) 31. Ka1 $18 Bxe4 32. h5 (32. Ba7 $16) 32... gxf6 $14 33. g6+ $2 {[%mdl 8192]} (33. gxf6 $14 {was forced to keep a grip.} g3 34. Ba7 $1 {[%mdl 512]} Qxa7 35. Rxe4) 33... fxg6 $19 34. Nxg6 (34. hxg6+ $142 Kg7 35. b4) 34... Rfd8 35. b4 {[#]} Bc7 $2 (35... Bxb4 $1 $19 {has better winning chances.} 36. cxb4 Qxb4 37. Qxb4 Rxb4) 36. Qxa2 (36. Ba7 $17 Ra8 37. Qxa2) 36... Rd7 {Strongly threatening ...Rg7.} (36... d5 37. Rxe4 $1 {[%mdl 512]} f5 38. Re2 $18) 37. Qe6 Rg7 ({Of course not} 37... Qc6 $6 38. Ne7 $11 (38. Rxe4 Qxc3+ 39. Kb1 Rxb4+ 40. Rxb4 Qxb4+ 41. Kc2 Qa4+ 42. Kb2 Rg7 $11)) 38. Qxf6 (38. Rf1 $17 Qb5 39. Rxf6 Qa4+ {[%mdl 64] Double Attack} 40. Kb2 Qc2+ 41. Ka3 Qxc3+ 42. Qb3 Qxb3+ 43. Kxb3) 38... Qc6 $2 (38... a5 $1 $19 {[%cal Ra5b4]} 39. Nf8+ Rxf8 $1 {[%mdl 512]} 40. Qxf8 axb4 41. Rxe4 Qxe4) 39. Rxe4 $4 {[%mdl 8192]} (39. Kb2 $1 $15 Qa4 40. Rxe4 Qxd1 41. Qf5 Qd2+ 42. Kb1) 39... Qxe4 (39... Qa4+ $2 40. Kb2 $19) 40. Nf8+ {[#]} Rxf8 $1 41. Qxf8 Qc2 {[%mdl 64] Double Attack} 42. Rb1 $2 (42. Qf1 Qxc3+ {[%mdl 64] Double Attack} 43. Ka2) 42... Qxc3+ 43. Rb2 Qc1+ 44. Ka2 {intending Qf5+.} Qc4+ 45. Kb1 (45. Ka3 $142 Rf7 46. Qe8) 45... Qe4+ (45... Rf7 $142 46. Qxf7+ Qxf7) 46. Ka2 d5 $2 {[#]} (46... Qd5+ $19 47. Rb3 Rf7) 47. h6 $1 $11 {[%csl Gh6][%cal Rf8g7][%mdl 512]} Rd7 ({Don't go for} 47... Kxh6 $2 48. Qf6+ Kh7 49. Rh2+ Kg8 50. Bc5 $18) 48. Bc5 $2 {[%mdl 8192]} (48. Qe8 $11 {and White is okay.} Qc4+ 49. Ka3 Qc3+ 50. Ka2) 48... Qc4+ 49. Kb1 Qe4+ 50. Ka2 d4 51. Rf2 {Hoping for Be7.} Qd5+ 52. Kb2 e4 $4 {[%mdl 8192] [#]} (52... Qe6 $19 53. Rf6 Qg8 54. Qxg8+ Kxg8 55. Rg6+ Kh7 56. Rxg4 Kxh6) 53. Rf5 $2 (53. Be7 $1 {mates} Be5 54. Rf7+ Qxf7 55. Qxf7+ Kxh6 56. Qe6+ {[%mdl 64] Double Attack} Kh7 57. Qxd7 d3+ 58. Kb3) 53... Be5 {( -> ...d3+)} 54. Rg5 $2 {[%mdl 8192]} (54. Qe8 $11 g3 55. Rxe5 {[%mdl 64] Double Attack}) 54... d3+ {Black mates.} 55. Ka3 {[#]} Bb2+ $1 {[%mdl 576] Discovered Attack} 56. Kxb2 Qxg5 {[%mdl 4096] Endgame KQR-KQB} 57. Qe8 Qf5 58. Bd6 Rxd6 59. Qe7+ Kxh6 60. Qxd6+ Kg5 61. Qg3 Qf4 62. Qg1 e3 {Accuracy: White = 37%, Black = 43%.} 0-1

[Event "Champions Showdown Kings Blitz 2019-A"]
[Site "Saint Louis"]
[Date "2019.02.22"]
[Round "12"]
[White "Caruana, Fabiano"]
[Black "Harikrishna, Pentala"]
[Result "1-0"]
[WhiteElo "2828"]
[BlackElo "2726"]
[Annotator "TA"]
[PlyCount "62"]
[EventDate "2019.02.09"]
[EventType "match"]
[EventCountry "USA"]
[SourceTitle "playchess.com"]
[Source "ChessBase"]
[SourceQuality "1"]

{[%evp 10,62,30,24,46,5,27,27,26,35,29,34,35,46,65,74,76,59,68,63,70,70,70,73,68,60,71,63,88,90,153,129,153,152,150,118,147,100,106,93,148,141,139,131,138,127,139,133,129,132,181,161,157,159,164]} 1. Nf3 d5 2. c4 dxc4 3. Na3 Nf6 4. Nxc4 c5 5. g3 Nc6 6. Bg2 Be6 {A09: Réti Opening: 1 Nf3 d5 2 c4} 7. b3 Bd5 $146 ({Predecessor:} 7... Bxc4 8. bxc4 e5 9. O-O e4 10. Ng5 Qd4 11. Rb1 h6 12. Qb3 Rb8 13. Bb2 Qxd2 14. Nxe4 Nxe4 15. Bxe4 {1-0 (32) Rohde,M (2550)-Comp Fidelity Mach 4 Cambridge 1991}) 8. O-O g6 {White has an edge.} 9. Bb2 Bg7 10. Rc1 b6 11. Ne3 O-O 12. Bxf6 Bxf6 13. Nxd5 Qxd5 {[#]} 14. d4 $1 {[%mdl 512] aiming for Ne5.} Qd6 {[%cal Rc5d4]} (14... cxd4 15. Nd2) 15. dxc5 bxc5 16. Nd2 $36 {[%mdl 2048] White is in control.} Rad8 17. Ne4 $1 {[%cal Re4d6]} Qxd1 18. Rfxd1 Rxd1+ 19. Rxd1 Nb4 (19... Rd8 $142 20. Rxd8+ Nxd8) 20. a4 ({Much worse is} 20. Nxc5 $6 Nxa2 21. Nd7 Nc3 $14) 20... Rc8 21. Rd7 a6 22. Rb7 Kf8 23. e3 Be5 24. Bf1 f5 ({Black should try} 24... Rc7 25. Rb6 Kg7) 25. Ng5 $16 h6 26. Ne6+ Kf7 27. Bc4 Kf6 28. Rb6 Bd6 29. a5 Rb8 {[#]White is clearly better.} 30. Nxc5 $1 {Nd7+ is the strong threat.} Rxb6 31. Nd7+ {[%mdl 64] Double Attack} Kg7 {Accuracy: White = 88%, Black = 68%.} 1-0

[Event "Champions Showdown Kings Blitz 2019-A"]
[Site "Saint Louis"]
[Date "2019.02.22"]
[Round "13"]
[White "Harikrishna, Pentala"]
[Black "Caruana, Fabiano"]
[Result "1/2-1/2"]
[WhiteElo "2726"]
[BlackElo "2828"]
[Annotator "TA"]
[PlyCount "182"]
[EventDate "2019.02.09"]
[EventType "match"]
[EventCountry "USA"]
[SourceTitle "playchess.com"]
[Source "ChessBase"]
[SourceQuality "1"]

{[%evp 13,182,0,8,0,8,0,-2,0,44,57,60,54,52,62,65,60,111,15,13,27,8,15,52,7,0,-28,20,0,0,0,-7,-2,0,0,0,0,0,0,0,0,0,0,0,0,0,0,0,0,10,0,0,0,55,55,60,32,38,9,70,42,45,41,43,12,12,12,12,12,13,23,31,4,0,0,0,0,0,0,0,0,0,0,0,0,0,0,0,0,0,0,0,-8,0,-5,0,-8,-8,-35,-39,-62,-14,-14,-14,-20,0,-8,8,8,14,14,20,20,20,20,20,20,20,20,20,20,20,20,20,14,14,14,14,14,22,22,22,22,22,22,22,22,22,22,22,22,22,22,22,22,22,22,22,22,22,22,22,22,22,22,22,0,22,0,22,22,22,22,22,22,22,22,22,22,22,0,0]} 1. e4 e6 2. d4 d5 3. Nc3 Bb4 4. exd5 exd5 5. Bd3 Nf6 6. Nge2 O-O 7. O-O c6 8. h3 {C01: French: Exchange Variation} (8. Bg5 h6 9. Bh4 Re8 10. f3 Nbd7 11. Qd2 Nf8 12. Rae1 Bd6 13. Bg3 Ng6 14. Bxd6 Qxd6 15. Bxg6 fxg6 {1-0 (39) Aronian,L (2767)-Caruana,F (2822) chess.com INT 2018}) 8... Re8 9. a3 Bd6 10. Bf4 Ne4 $146 ({Predecessor:} 10... Qe7 11. Qd2 Nbd7 12. Rae1 Nf8 13. Bxd6 Qxd6 14. Qf4 Qe7 15. Qg3 Nh5 {0-1 (25) Popenko,P-Mikushin,A ICCF email 2013}) 11. Bxe4 dxe4 12. Re1 f5 13. d5 Bxf4 14. Nxf4 Qg5 {[#]} (14... Qf6 $14) 15. g3 (15. dxc6 $1 $16 Nxc6 16. Qd5+ Kh8 {[#]} 17. Nxe4 $1 {[%mdl 512]} Qxf4 18. Nd6) 15... Qf6 $11 16. f3 {[%cal Rf3e4]} Nd7 17. fxe4 Ne5 18. Kg2 Bd7 19. exf5 Bxf5 (19... Qxf5 $5 {[%cal Rg7g5]} 20. Qh5 Qxh5 21. Nxh5 cxd5 $15) 20. Ne4 Qh6 21. Qh5 Qxh5 22. Nxh5 Bxe4+ 23. Rxe4 cxd5 24. Re2 Nc4 25. Rae1 Rxe2+ 26. Rxe2 {[%mdl 4096] Endgame KRN-KRN} Kf7 27. c3 Rd8 28. Rf2+ Kg8 29. Nf4 Rd6 30. a4 g6 31. b3 Ne3+ 32. Kf3 Nf5 (32... Nd1 $11 33. Rc2 g5) 33. g4 $14 Ne7 34. Rd2 Kf7 35. c4 {[%cal Rf4d5]} d4 ({Black should try} 35... Rf6 $11 36. h4 dxc4 37. bxc4 Rb6) 36. c5 Rf6 37. Ke4 Nc6 38. b4 Nxb4 39. Rxd4 Na6 $1 40. Rd7+ Ke8 41. Rxh7 Nxc5+ 42. Ke5 Ra6 43. Nd5 Nd7+ 44. Kf4 Rxa4+ 45. Kg3 Nc5 46. Nf6+ Kd8 47. h4 b5 48. h5 gxh5 49. gxh5 Ra6 50. Rh8+ Ke7 51. Nd5+ Kf7 52. Rb8 Ra3+ 53. Kf4 a6 54. h6 Rh3 55. Rc8 Ne6+ 56. Ke5 Rxh6 57. Rc6 {The position is equal.} Rh5+ 58. Kd6 $1 Rh6 59. Ke5 $1 {White wants to play Nf4.} a5 60. Nf4 {[%cal Rc6e6]} Nxf4 61. Rxh6 $11 {KR-KN} Ng6+ 62. Kd4 b4 {[%cal Bb5b4,Bb4b3][%mdl 32]} 63. Rh5 a4 64. Rb5 b3 65. Rb4 Nf4 66. Rxa4 Ne6+ 67. Kc3 Kf6 68. Ra5 Ke7 69. Kxb3 Kd6 70. Kc4 Kc6 71. Ra6+ Kd7 72. Rb6 Ke7 73. Kd5 Nc7+ 74. Ke5 Kd7 75. Rd6+ Ke7 76. Rd1 {aiming for Rh1.} Ne6 77. Rd2 (77. Rh1 {seems wilder.} Nf8 78. Rh6 Nd7+ 79. Kf5 Nf8 80. Rf6) 77... Nc7 78. Rd6 {Strongly threatening Rd4.} Ne8 79. Re6+ Kd7 80. Rh6 {Threatens to win with Ra6.} Nc7 81. Kd4 {And now Ke5 would win.} Ne6+ 82. Ke4 Nc7 83. Ke5 {Rd6+ is the strong threat.} Nb5 84. Rb6 Nc7 $1 85. Rd6+ Ke7 86. Rc6 (86. Rd3 {is interesting.} Ne8 87. Rd1 Nc7 88. Rd2 Ne8 89. Rb2) 86... Kd7 87. Rc5 {Black must now prevent Rc2.} Ne8 88. Rd5+ Ke7 89. Ra5 {Hoping for Ra7+.} Nc7 90. Ra7 Kd7 91. Rxc7+ Kxc7 {Accuracy: White = 58%, Black = 59%.} 1/2-1/2

[Event "Champions Showdown Kings Blitz 2019-A"]
[Site "Saint Louis"]
[Date "2019.02.24"]
[Round "14"]
[White "Caruana, Fabiano"]
[Black "Harikrishna, Pentala"]
[Result "1-0"]
[WhiteElo "2828"]
[BlackElo "2726"]
[Annotator "TA"]
[PlyCount "91"]
[EventDate "2019.02.09"]
[EventType "match"]
[EventCountry "USA"]
[SourceTitle "playchess.com"]
[Source "ChessBase"]
[SourceQuality "1"]

{[%evp 9,91,0,22,-17,-20,-18,-17,-15,30,30,31,29,35,31,32,22,29,30,51,16,22,0,25,41,43,13,23,28,18,26,53,36,88,73,74,64,70,70,70,51,104,99,104,98,117,108,100,84,202,184,184,189,224,220,237,170,246,238,233,186,174,183,185,179,183,170,230,229,229,230,297,240,244,0,287,286,299,87,291,311,1320,1259,1300,1295]} 1. e4 e5 2. Bc4 Nf6 3. d3 c6 4. Nf3 d5 5. Bb3 a5 6. a3 {C24: Bishop's Opening: 2...Nf6} ({Avoid the trap} 6. Nxe5 $2 a4 $19) (6. a4 Bb4+ 7. c3 Bd6 8. Bg5 dxe4 9. dxe4 h6 10. Bh4 O-O 11. O-O Na6 12. Nbd2 Qe7 13. Nc4 Bc7 {½-½ (30) Karjakin,S (2760)-Wei,Y (2739) Medias 2017}) 6... a4 7. Ba2 Bd6 8. Nc3 {[%cal Re4d5] The position is equal.} dxe4 9. Ng5 O-O 10. Ncxe4 Nxe4 11. Nxe4 Bf5 12. Qf3 Bxe4 13. dxe4 $146 ({Predecessor:} 13. Qxe4 Nd7 {½-½ (36) Neelotpal,D (2485)-Shivananda,B (2358) Nagpur 2012}) 13... Nd7 14. O-O Qe7 15. Bd2 Nc5 16. Rad1 Ne6 17. Bc3 Nd4 18. Bxd4 exd4 19. g3 c5 20. Bc4 Qd7 (20... Ra5 $14) 21. Qd3 Ra5 22. f4 b5 23. Bd5 Bb8 24. c4 dxc3 (24... Kh8 $14) 25. Qxc3 $16 {[%mdl 64] [#] Double Attack} Ra6 26. e5 Qe7 27. Kg2 c4 28. Qf3 Ra7 (28... Ba7 $16 {might work better.}) 29. Rfe1 Kh8 {[#]} 30. e6 $1 {[%cal Re6f7]} fxe6 31. Rxe6 Qc5 32. Be4 Re7 (32... c3 $142) 33. Rd5 $18 Qc7 34. Rxe7 Qxe7 35. Rxb5 c3 36. Rb7 $40 {[%mdl 128] White is out for blood.} Qe6 37. bxc3 {[%cal Bb2c3,Bc3c4][%mdl 32]} Qa2+ (37... Rd8 $142 38. Qe2 Bd6) 38. Kh3 {Qg4 is the strong threat.} Qe6+ 39. Qg4 Qf6 40. Qh5 {[%csl Ge4][%cal Rh5h7]} Qe6+ 41. Qg4 Qf6 $1 42. c4 Bd6 43. Qf3 $2 (43. Kg2 $18 {has better winning chances.}) 43... Qh6+ $2 (43... Qe6+ $16 44. Qg4 Qxg4+ 45. Kxg4 g6) 44. Kg2 Bc5 $2 (44... Qe6 45. Rb6 Rb8 46. Rxb8+ Bxb8) 45. Rb5 Qd6 46. Qh5 {[%mdl 64] Double Attack. Accuracy: White = 62%, Black = 36%.} 1-0

[Event "Champions Showdown Kings Blitz 2019-A"]
[Site "Saint Louis"]
[Date "2019.02.22"]
[Round "15"]
[White "Harikrishna, Pentala"]
[Black "Caruana, Fabiano"]
[Result "1-0"]
[WhiteElo "2726"]
[BlackElo "2828"]
[Annotator "TA"]
[PlyCount "71"]
[EventDate "2019.02.09"]
[EventType "match"]
[EventCountry "USA"]
[SourceTitle "playchess.com"]
[Source "ChessBase"]
[SourceQuality "1"]

{[%evp 14,71,14,0,7,9,26,17,32,8,86,75,119,99,272,266,273,269,254,267,348,321,343,324,346,332,347,346,331,344,334,345,340,276,308,192,135,0,319,325,554,556,529,495,716,702,891,889,1597,1597,1510,1493,1487,1040,1024,1003,1278,1233,1339,1279]} 1. e4 e6 2. d4 d5 3. Nc3 Nf6 4. e5 Nfd7 5. Nce2 c5 6. c3 Nc6 7. Nf3 b5 8. Nf4 Qb6 {C11: French: Classical System: 4 e5 and 4 Bg5 dxe4} 9. Be2 a5 (9... cxd4 10. cxd4 b4 11. O-O Be7 12. Nh5 O-O 13. Be3 Ba6 14. Bxa6 Qxa6 15. Ne1 g6 16. Nf4 {1-0 (46) Harikrishna,P (2680)-Malakhatko,V (2529) Biel 2013}) 10. Be3 Ba6 $146 {The position is equal.} ({Predecessor:} 10... cxd4 11. cxd4 Bb4+ 12. Kf1 a4 13. Rc1 Na5 14. Bd3 Nc4 15. Qe2 Be7 16. h4 {½-½ (74) Gallien,F (2213)-Shemeakin,A (2299) Pardubice 2013}) 11. O-O h6 (11... Be7 $11 {keeps the balance.}) 12. Rc1 O-O-O 13. a4 $36 {[%mdl 2048] White has strong initiative.} c4 $2 {[#]} (13... bxa4 $16 {was called for.} 14. Bxa6+ (14. Qxa4 c4 $14) 14... Qxa6) 14. b3 $1 $18 Ba3 {[#]} 15. axb5 $1 {[%mdl 512]} Bxc1 (15... Bxb5 16. Ra1) 16. bxc6 Bxe3 17. cxd7+ Rxd7 18. fxe3 g5 19. Nh5 cxb3 20. Bxa6+ Qxa6 21. Qxb3 Rb7 22. Qa3 Kb8 23. Nf6 Rc8 24. Qd6+ Ka7 25. e4 (25. Ra1 $16) 25... Rc6 $2 {[%mdl 8192]} (25... Qe2 $1 $11) 26. Qa3 Qb5 $2 (26... Qe2 {keeps fighting.} 27. Qxa5+ {[%mdl 64] Double Attack} Ra6 28. Qc5+ Kb8) 27. exd5 {White is clearly winning.} exd5 28. Ra1 Ka6 (28... Ra6 $142 29. Qa2 Qc4 30. Nxd5 Qxa2 31. Rxa2 Rd7) 29. h3 Rbc7 30. Ne8 Ra7 31. Nd6 Qb6 32. Qa2 Rac7 33. Qe2+ Ka7 34. Nb5+ Kb7 35. Nxc7 Kxc7 36. Qa2 {Accuracy: White = 66%, Black = 31%.} 1-0

[Event "Champions Showdown Kings Blitz 2019-A"]
[Site "Saint Louis"]
[Date "2019.02.22"]
[Round "16"]
[White "Caruana, Fabiano"]
[Black "Harikrishna, Pentala"]
[Result "0-1"]
[WhiteElo "2828"]
[BlackElo "2726"]
[Annotator "TA"]
[PlyCount "66"]
[EventDate "2019.02.09"]
[EventType "match"]
[EventCountry "USA"]
[SourceTitle "playchess.com"]
[Source "ChessBase"]
[SourceQuality "1"]

{[%evp 9,66,12,12,1,0,-4,12,-7,-5,-7,-3,-33,-18,-69,-55,-100,-39,-41,-43,-105,-111,-91,-103,-89,-97,-94,-83,-94,-100,-106,-99,-110,-109,-117,-52,-70,-80,-125,-116,-105,-87,-135,-146,-140,-129,-135,-133,-144,-140,-129,-125,-137,-112,-153,-149,-178,-162,-749,-738]} 1. d4 Nf6 2. c4 e6 3. Nc3 Bb4 4. e3 O-O 5. Nge2 c6 (5... Re8 6. a3 Bf8 7. d5 d6 8. g3 exd5 9. cxd5 c5 10. Bg2 Nbd7 11. O-O c4 12. Nd4 Nc5 13. Qe2 Nd3 14. b3 Nxc1 15. Rfxc1 cxb3 {½-½ (74) Caruana,F (2822)-So,W (2780) Saint Louis 2018}) 6. a3 {E46: Nimzo-Indian: Rubinstein: 4 e3 0-0 5 Ne2 without early Bd3} Ba5 7. b4 Bc7 8. Bb2 {The position is equal.} d5 9. Ng3 Nbd7 10. Rc1 Re8 11. cxd5 (11. Be2 $11) 11... exd5 $15 12. Bd3 $146 ({Predecessor:} 12. Be2 Nf8 13. O-O {0-1 (52) Socko,M (2486)-Sukandar,I (2372) Khanty-Mansiysk 2010}) 12... Nf8 (12... Nb6 $17) 13. b5 Ng4 14. Be2 (14. Nce2 $15) 14... Qh4 {aiming for ...Nxe3!} ({Inferior is} 14... Nxf2 15. Kxf2 Qg5 16. Qd2 $16) 15. Bxg4 Bxg4 16. Qd2 Bxg3 17. fxg3 Qg5 18. O-O Qxe3+ 19. Qxe3 Rxe3 20. bxc6 bxc6 21. Na4 Rc8 (21... Rb8 $17 22. Rf2 h6) 22. Nc5 Ne6 23. Rfe1 Rxe1+ 24. Rxe1 Rb8 25. Bc3 Nxc5 26. dxc5 $17 {[%mdl 4096] Endgame KRB-KRB} Be6 27. Re2 {[#]} Rb1+ $1 28. Kf2 h5 29. Rb2 Rc1 30. Bd4 Rc4 31. Ke3 {[#]} Ra4 $1 32. Rb3 Kh7 33. Bb2 $2 {[#]} (33. Rb7) 33... d4+ $1 {[%mdl 576] Discovered Attack. Accuracy: White = 51%, Black = 72%.} 0-1

[Event "Champions Showdown Kings Blitz 2019-A"]
[Site "Saint Louis"]
[Date "2019.02.22"]
[Round "17"]
[White "Harikrishna, Pentala"]
[Black "Caruana, Fabiano"]
[Result "0-1"]
[WhiteElo "2726"]
[BlackElo "2828"]
[Annotator "TA"]
[PlyCount "72"]
[EventDate "2019.02.09"]
[EventType "match"]
[EventCountry "USA"]
[SourceTitle "playchess.com"]
[Source "ChessBase"]
[SourceQuality "1"]

{[%evp 12,72,6,14,14,11,15,14,9,10,11,5,11,-4,0,-5,38,0,0,-19,0,-3,-11,-27,-6,-16,14,15,12,9,28,15,0,-81,-66,-98,-95,-127,-119,-111,-112,-136,-135,-122,-45,-35,-16,-59,-61,-112,-115,-180,-166,-123,-72,-131,-132,-118,-44,-329,-223,-1907,-1839]} 1. d4 Nf6 2. c4 e6 3. Nc3 Bb4 4. e3 O-O 5. Bd3 d5 6. Nf3 c5 7. cxd5 exd5 {E53: Nimzo-Indian: Rubinstein: Main Line (4...0-0 5 Nf3 d5 6 Bd3 c5 7 0-0)} 8. dxc5 Nbd7 9. Bd2 Nxc5 {The position is equal.} 10. Be2 Ne6 11. O-O a6 12. Qb3 Bd6 $146 ({Predecessor:} 12... Be7 13. Nd4 Bc5 14. Nxe6 Bxe6 15. Qc2 {½-½ (77) Ivanchuk,V (2732)-Wei,Y (2740) Hoogeveen 2017}) 13. Rfd1 b5 14. Be1 (14. Nxd5 $14 Nxd5 15. Ba5) 14... Bb7 $11 15. Nd4 Nc5 16. Qc2 Rc8 17. a3 Re8 18. Bf3 Nfe4 19. Rac1 Qg5 20. Qe2 Rcd8 21. g3 Be5 22. Bg2 (22. Qc2 $11 {remains equal.}) 22... Bxd4 $1 $17 23. Rxd4 Nb3 $36 {[%mdl 2048] Black is on the roll.} 24. Rcd1 Nxd4 25. Rxd4 Nc5 26. Qd1 {[%cal Rc3d5]} Ne6 $1 {[%cal Re6d4]} 27. Rd3 {[%cal Rc3d5] [#]} Nc7 (27... d4 $1 $17 28. Bxb7 (28. exd4 Bxg2) 28... dxc3 29. Bxc3 Nc5 30. Rxd8 Rxd8) 28. Ne2 $15 h6 29. Bc3 Ne6 30. b4 {[#]} ({Better is} 30. Ba5 $15) 30... d4 $1 $17 31. Bxb7 (31. h4 $17 Qh5 32. Nxd4 Qxd1+ 33. Rxd1 Bxg2 34. Kxg2) (31. Bxd4 Bxg2) 31... dxc3 $19 32. Nxc3 Qf5 (32... Rxd3 $142 33. Qxd3 Rd8) 33. Nd5 {[#]} (33. Bd5 $142) 33... Kh8 $1 $17 34. Bxa6 Ng5 ({Black should try} 34... Rb8 $17 35. h4 Red8) 35. Bb7 $2 {[%mdl 8192]} ({White must play} 35. Nf4 $1 $15 Rxd3 36. Qxd3 Nf3+ 37. Kf1 Qxd3+ 38. Nxd3) 35... Nf3+ ({Resist} 35... Nh3+ 36. Kg2 $19) 36. Kh1 $2 (36. Kf1) 36... Qh3 {Accuracy: White = 44%, Black = 55%.} 0-1